01292nam a2200277 a 450000100060000000300090000600500170001500800410003202000150007304000280008808200220011610000740013824500470021226000550025930000350031450000260034950503530037559000650072865000360079365000410082965000290087065000270089965000590092694200120098599900170099720121CO-ViMGA20250801162557.0141112s2004 ck r 000 u spa d a9589067867 aCO-ViMGAbspacCO-ViMGA04aFr 918.659 V451m1 aGobernación del Meta. Instituto Geográfico Agustin Codazzi91052410aEl Meta : bun territorio de oportunidades aBogotá : bImprenta Nacional de Colombia, c2004 a200 p. Il. + 12 mapas + CD Rom aEn : Fr 918.659 V451m aAcueducto - alcantarillado Aptitud de los suelos Areas sujetas a Normatividad especial Cobertura Vegetal y uso actual del suelo 2003 Cobertura educativa por zona Morbimortalidad 2003 Propuesta de uso del suelo Sistemas productivos y extractivos Cultura y turismo Unidades de paisaje Vias y equipamientos de Transporte Zonas de importancia ambiental aForma de adquisición : Donación IGAC - - Precio : 30.00014aMETA - ASPECTOS SOCIALES91052614aMETA - CONDICIONES ECONOMICAS91052514aMETA - DESCRIPCION9998114aMETA - GEOGRAFIA9998014aMETA - ORGANIZACION Política Y ADMINISTRATIVA910527 2ddccBK c29202d29202